Inštitucionálna štruktúra bankového dohľadu

Uložené v:
Podrobná bibliografia
Hlavný autor: Bačová, Monika
Médium: Kapitola
Jazyk:Slovak
Tagy: Pridať tag
Žiadne tagy, Buďte prvý, kto otaguje tento záznam!

MARC

LEADER 00000naa$a2200000$$$4500
001 0096622
005 20240502072055.4
041 0 |a slo 
044 |a SK 
245 1 0 |a Inštitucionálna štruktúra bankového dohľadu  |c Monika Bačová 
100 1 |a Bačová, Monika